Boletín del Instituto Americano de Adrogué (F. C. S.) : publicación mensual publicación mensual
Descripción Física:
27 cm
MARC
| LEADER | 00000nam a2200000Ia 4500 | ||
|---|---|---|---|
| 003 | BGR | ||
| 005 | 20260324180151.0 | ||
| 008 | 160829s189 - ? xx 000 0 cat d | ||
| 080 | |a 1950, exp. 8 | ||
| 245 | |a Boletín del Instituto Americano de Adrogué (F. C. S.) : |b publicación mensual | ||
| 260 | |a Adrogué : |b Imp. Mariano Moreno, |c 189 - ? | ||
| 300 | |a 27 cm | ||
| 590 | |a Mensual. | ||
| 590 | |a Descripció basada en: Año III, no. 1 (1899) | ||
| 650 | |a Instituto Americano (Adrogué, Argentina) |x Revistes |9 48385 | ||
| 710 | 2 | |a Instituto Americano (Adrogué, Argentina) |9 71138 | |
| 866 | |a Any 3, 1899 (1) | ||
| 901 | |a Arxiu | ||
| 942 | |n 1 |2 udc |c MON | ||
| 952 | |0 0 |1 0 |4 0 |6 1950_EXP_8 |7 1 |9 54507 |a Arxiu |b Arxiu |d 2016-12-01 |l 0 |o 1950, exp. 8 |r 2016-12-01 00:00:00 |w 2016-12-01 |y ARXIU | ||
| 999 | |c 58376 |d 58376 | ||